000 00550nam a2200157Ia 4500
008 240729s9999 xx 000 0 und d
022 _a2583-6471
245 0 _aInternational Transactions on Electrical Engineering and Computer Science
260 _aIndia
260 _bInternational Transactions on Electrical Engineering and Computer Science
650 _a Electrical engineering. Electronics. Nuclear engineering
650 _aTechnology
856 _uhttps://doaj.org/toc/ab6632d0ae6340f1a807199682cd09c9
942 _2ddc
942 _cDOAJEJ
999 _c67334
_d67334
945 _a1
_bMadushi Gamage
_c1
_dMadushi Gamage